[Event "Sofia MGU op 190th"]
[Site "Sofia"]
[Date "2017.09.24"]
[Round "4"]
[White "Krustev, Krasimir S"]
[Black "Metev, Martin"]
[Result "1-0"]
[WhiteElo "1970"]
[BlackElo "1965"]
[PlyCount "49"]
[EventDate "2017.09.23"]
[EventType "swiss"]
[EventRounds "6"]
[EventCountry "BUL"]
[SourceTitle "CBM 180 Extra"]
[Source "ChessBase"]
[SourceDate "2017.10.06"]
[SourceVersion "1"]
[SourceVersionDate "2017.10.06"]
[SourceQuality "1"]

1. e4 e6 2. Nf3 d5 3. Nc3 d4 4. Ne2 c5 5. c3 dxc3 6. bxc3 Nc6 7. Ng3 e5 8. Bc4 Bd6 9. Nh5 g6 10. Ng3 Nf6 11. d3 0-0 12. Bh6 Re8 13. Ng5 Be6 14. Nxe6 fxe6 15. h4 Bf8 16. Bxf8 Kxf8 17. h5 g5 18. h6 Na5 19. Bb5 Nc6 20. Qd2 g4 21. Qg5 Ke7 22. Bxc6 bxc6 23. Qxe5 Qxd3 24. Rd1 Qb5 25. Nf5+ 1-0

[Event "Sofia MGU op 189th"]
[Site "Sofia"]
[Date "2017.09.09"]
[Round "1"]
[White "Georgiev, Nikolay"]
[Black "Krustev, Krasimir S"]
[Result "0-1"]
[WhiteElo "1572"]
[BlackElo "1970"]
[PlyCount "72"]
[EventDate "2017.09.09"]
[EventType "swiss"]
[EventRounds "6"]
[EventCountry "BUL"]
[SourceTitle "CBM 180 Extra"]
[Source "ChessBase"]
[SourceDate "2017.10.06"]
[SourceVersion "1"]
[SourceVersionDate "2017.10.06"]
[SourceQuality "1"]

1. e4 e5 2. Nc3 Nf6 3. Bc4 Nxe4 4. Qh5 Nd6 5. Bb3 Nc6 6. Nf3 g6 7. Qg4 Bg7 8. 0-0 0-0 9. d3 Nd4 10. Bg5 Nxf3+ 11. gxf3 Bf6 12. Bh6 Re8 13. Nd5 c6 14. Nxf6+ Qxf6 15. Rfe1 Nf5 16. Bg5 Qg7 17. d4 d5 18. dxe5 Rxe5 19. Bd2 Be6 20. Bc3 d4 21. Bxe6 Rxe6 22. Rxe6 fxe6 23. Bd2 e5 24. Re1 Re8 25. c3 c5 26. Qe4 Qf7 27. b3 Nd6 28. Qg4 Qf5 29. cxd4 Qxg4+ 30. fxg4 exd4 31. Rxe8+ Nxe8 32. Bf4 Nf6 33. f3 Kf7 34. Kf2 Ke6 35. Ke2 Kd5 36. Kd3 b5 0-1

[Event "Sofia MGU op 151st"]
[Site "Sofia"]
[Date "2015.09.27"]
[Round "4.3"]
[White "Andreev, Dobrotich"]
[Black "Krustev, Krasimir S"]
[Result "1/2-1/2"]
[WhiteElo "1921"]
[BlackElo "1905"]
[PlyCount "92"]
[EventDate "2015.09.26"]
[EventType "swiss"]
[EventRounds "6"]
[EventCountry "BUL"]
[SourceTitle "EXT 2016"]
[Source "ChessBase"]
[SourceDate "2015.10.08"]
[SourceVersion "1"]
[SourceVersionDate "2015.10.08"]
[SourceQuality "1"]

1. e4 e5 2. Nf3 Nc6 3. Bb5 f5 4. d4 fxe4 5. Bxc6 dxc6 6. Nxe5 Qh4 7. Qd2 Be6 8. Qg5 Qxg5 9. Bxg5 c5 10. dxc5 Bxc5 11. Nd2 Bd4 12. Nec4 h6 13. Bf4 0-0-0 14. c3 Bf6 15. Ne3 g5 16. Bg3 h5 17. h4 g4 18. Nxe4 Be7 19. Be5 Rh6 20. Ng5 Bc5 21. Bf4 Rf8 22. g3 Rg6 23. Nxe6 Rxe6 24. 0-0 Ne7 25. Rfe1 Ng6 26. Nd5 Rxe1+ 27. Rxe1 c6 28. Re6 Nxh4 29. gxh4 cxd5 30. Bg3 Rf5 31. b4 Kd7 32. Rh6 Be7 33. Rh7 Ke6 34. Kf1 Bf6 35. Rxb7 Bxc3 36. Rxa7 Bxb4 37. a4 d4 38. Ke2 Ra5 39. Rxa5 Bxa5 40. Kd3 Kd5 41. Bf4 Bb6 42. Bg5 Ke5 43. Bd2 Kd5 44. a5 Bd8 45. a6 Bb6 46. Bf4 Ba7 1/2-1/2

[Event "Sofia MGU op 151st"]
[Site "Sofia"]
[Date "2015.09.26"]
[Round "1.6"]
[White "Krustev, Krasimir S"]
[Black "Georgiev, Nikolay"]
[Result "1/2-1/2"]
[WhiteElo "1905"]
[BlackElo "1545"]
[PlyCount "134"]
[EventDate "2015.09.26"]
[EventType "swiss"]
[EventRounds "6"]
[EventCountry "BUL"]
[SourceTitle "EXT 2016"]
[Source "ChessBase"]
[SourceDate "2015.10.08"]
[SourceVersion "1"]
[SourceVersionDate "2015.10.08"]
[SourceQuality "1"]

1. e4 e5 2. Nf3 Nc6 3. Bc4 Nf6 4. d4 exd4 5. 0-0 Nxe4 6. Re1 f5 7. Bg5 Be7 8. Bxe7 Nxe7 9. Qxd4 d5 10. Bb3 0-0 11. c4 c5 12. Qd1 d4 13. Nbd2 Nxd2 14. Qxd2 Ng6 15. Re2 Qc7 16. Rae1 Bd7 17. Bc2 b6 18. Ne5 Nxe5 19. Rxe5 Rf7 20. Qg5 Raf8 21. h4 Qd6 22. Rd5 Qg6 23. Qxg6 hxg6 24. b4 Rc8 25. bxc5 bxc5 26. Ree5 Kf8 27. Rxc5 Rxc5 28. Rxc5 Re7 29. Rd5 Re1+ 30. Kh2 Re2 31. Bd3 Rd2 32. Rxd4 Ke7 33. Kg3 Rxa2 34. Bb1 Rb2 35. Rd1 a5 36. Rc1 a4 37. c5 Bc6 38. Re1+ Kd7 39. h5 gxh5 40. Bxf5+ Kd8 41. Re3 Rb3 42. Rxb3 axb3 43. f3 b2 44. Kh4 Be8 45. Kg5 g6 46. Be4 Kc7 47. Kf6 Kd7 48. g3 Kd8 49. f4 Kc7 50. Kg7 Kd7 51. Kf6 Kd8 52. Kg5 Ke7 53. f5 gxf5 54. Kxf5 Bf7 55. Bb1 Bd5 56. Ke5 Bf3 57. Kd4 Kd7 58. Bf5+ Kc6 59. Bc2 Bd5 60. Bb1 Bf3 61. Kc4 Bd5+ 62. Kb4 Bf3 63. Bf5 Bd5 64. Bb1 Bf3 65. Kc4 Bd5+ 66. Kd4 Bf3 67. Ba2 Bg2 1/2-1/2

[Event "Sofia MGU op 151st"]
[Site "Sofia"]
[Date "2015.09.26"]
[Round "3.2"]
[White "Krustev, Krasimir S"]
[Black "Metev, Martin"]
[Result "1/2-1/2"]
[WhiteElo "1905"]
[BlackElo "1976"]
[PlyCount "81"]
[EventDate "2015.09.26"]
[EventType "swiss"]
[EventRounds "6"]
[EventCountry "BUL"]
[SourceTitle "EXT 2016"]
[Source "ChessBase"]
[SourceDate "2015.10.08"]
[SourceVersion "1"]
[SourceVersionDate "2015.10.08"]
[SourceQuality "1"]

1. e4 e6 2. Nf3 d5 3. Nc3 d4 4. Ne2 c5 5. c3 Nc6 6. cxd4 cxd4 7. Qa4 Bc5 8. b4 Bxb4 9. Nexd4 Qa5 10. Bb5 Qxa4 11. Bxa4 Nge7 12. Rb1 Bc5 13. Nxc6 bxc6 14. Ne5 Bd7 15. Rb7 0-0-0 16. Rxd7 Rxd7 17. Nxd7 Kxd7 18. 0-0 Rb8 19. Bb3 f6 20. d3 e5 21. g3 a5 22. Kg2 g5 23. f4 gxf4 24. gxf4 Bd6 25. fxe5 Bxe5 26. Kf3 Ng6 27. Kg4 Nf8 28. Kf5 Rb5 29. Bh6 Bc3+ 30. Kg4 Ng6 31. Bf4 Nxf4 32. Kxf4 Rg5 33. Rf2 Kd6 34. Kf3 Rh5 35. Kg4 Rh6 36. Bc4 Bd4 37. Rg2 Ke5 38. h4 Rg6+ 39. Kf3 Rxg2 40. Kxg2 Kf4 41. Kh3 1/2-1/2

[Event "Sofia MGU op 53rd"]
[Site "Sofia"]
[Date "2012.03.04"]
[Round "4"]
[White "Andreev, Dobrotich"]
[Black "Krustev, Krasimir S"]
[Result "1-0"]
[WhiteElo "2073"]
[BlackElo "1783"]
[PlyCount "65"]
[EventDate "2012.03.03"]
[EventType "swiss"]
[EventRounds "6"]
[EventCountry "BUL"]
[SourceTitle "CBM 147 Extra"]
[Source "ChessBase"]
[SourceDate "2012.04.24"]
[SourceVersion "1"]
[SourceVersionDate "2012.04.24"]
[SourceQuality "1"]

1. e4 c5 2. Nf3 d6 3. d4 cxd4 4. Nxd4 Nf6 5. Nc3 a6 6. f3 e5 7. Nb3 Be6 8. Be3 Be7 9. Qd2 0-0 10. 0-0-0 b5 11. g4 Nc6 12. g5 Nd7 13. Kb1 Nb6 14. h4 Nc4 15. Bxc4 bxc4 16. Nc1 f5 17. h5 f4 18. Bf2 a5 19. Nd5 Bxg5 20. Bb6 Qb8 21. Bc7 Qb7 22. Rhg1 Bxd5 23. Qxd5+ Kh8 24. Bxd6 Rab8 25. Bxb8 Rxb8 26. b3 cxb3 27. cxb3 Bf6 28. h6 g6 29. Qe6 Rf8 30. Rd7 Qc8 31. Rf7 Qd8 32. Rxf8+ Qxf8 33. Qxc6 1-0

[Event "Sofia MGU op 53rd"]
[Site "Sofia"]
[Date "2012.03.03"]
[Round "3"]
[White "Krustev, Krasimir S"]
[Black "Kostov, Nikolai"]
[Result "0-1"]
[WhiteElo "1783"]
[BlackElo "1945"]
[PlyCount "34"]
[EventDate "2012.03.03"]
[EventType "swiss"]
[EventRounds "6"]
[EventCountry "BUL"]
[SourceTitle "CBM 147 Extra"]
[Source "ChessBase"]
[SourceDate "2012.04.24"]
[SourceVersion "1"]
[SourceVersionDate "2012.04.24"]
[SourceQuality "1"]

1. e4 e5 2. Nf3 Nc6 3. Bb5 Nd4 4. Nc3 c6 5. Bc4 Nxf3+ 6. Qxf3 Nf6 7. 0-0 d6 8. h3 Be7 9. Re1 0-0 10. d3 Be6 11. Bb3 b5 12. Bd2 a5 13. a3 Bxb3 14. cxb3 Nd7 15. b4 axb4 16. axb4 Qc7 17. Nd1 Rxa1 0-1